Anglická škola a teorie mezinárodních vztahů: obsahový vesmír, akademický svět a kritiky přístupu

Teoretický prístup medzinárodných vzťahov známy ako anglická škola. Obsahová náplň anglickej školy. Tri základné koncepty anglickej školy: medzinárodný systém, medzinárodná spoločnosť a svetová spoločnosť. Anglická škola ako akademický fenomén. Kritika anglickej školy.

Guardado en:
Detalles Bibliográficos
Autor principal: Hynek, Nikola
Formato: Capítulo de libro
Lenguaje:checo
Materias:
Etiquetas: Agregar Etiqueta
Sin Etiquetas, Sea el primero en etiquetar este registro!

MARC

LEADER 00000naa$a2200000$$$4500
001 0030055
005 20231016100034.0
041 0 |a cze 
044 |a CZ 
245 1 0 |a Anglická škola a teorie mezinárodních vztahů: obsahový vesmír, akademický svět a kritiky přístupu  |c Nikola Hynek 
520 |a Teoretický prístup medzinárodných vzťahov známy ako anglická škola. Obsahová náplň anglickej školy. Tri základné koncepty anglickej školy: medzinárodný systém, medzinárodná spoločnosť a svetová spoločnosť. Anglická škola ako akademický fenomén. Kritika anglickej školy. 
610 2 0 |a vzťahy medzinárodné 
610 2 0 |a politika zahraničná 
610 2 0 |a spolupráca medzinárodná 
610 2 0 |a diplomacia 
610 2 0 |a teórie politické 
610 2 0 |a metodológia 
610 2 0 |a spoločnosť 
610 2 0 |a civilizácia 
610 2 0 |a štát 
610 2 0 |a kritika 
100 1 |a Hynek, Nikola